Osoby zmarłe w 2025 - Statystyki

Ogólne statystyki
  • Ten quiz został rozwiązany 244 razy
  • Średni wynik to 5 z 10
Statystyki odpowiedzi
Data śmierci Opis Osoba % Poprawnych
21 kwietnia Jedyny papież pochodzący z Ameryki Południowej. Franciszek
96%
6 marca Wokół tego mieszkańca Białegostoku kręciło się Uniwersum Szkolna 17. Krzysztof Kononowicz
73%
3 lipca Portugalski napastnik grający dla Liverpoolu. Diogo Jota
64%
10 września Amerykański konserwatywny aktywista, współzałożyciel Turning Point USA i ikona prawicy akademickiej. Charlie Kirk
53%
22 lipca Brytyjski piosenkarz, członek Black Sabbath, legenda heavy metalu. Ozzy Osbourne
50%
30 kwietnia Kucharz i osobowość telewizyjna, członek jury w programie MasterChef Tomasz Jakubiak
39%
17 lipca Aktorka kabaretowa, współzałożycielka kabaretu Hrabi. Joanna Kołaczkowska
36%
4 września Włoski projektant mody słynący z minimalistycznego podejścia. Giorgio Armani
34%
7 maja Polski DJ, jednym z jego kultowych utworów,który stał się rozpoznawalny za granicą, jest I love Poland. DJ Hazel
30%
28 sierpnia Lider zespołu Tiger Demo Team, który zginął w tragicznym wypadku lecąc myśliwcem F-16. Maciej Krakowian
17%
Nie znaleziono quizów pasujących do podanych kryteriów
Rozkład punktacji
Procent ludzi z każdym wynikiem
Percentyl według liczby udzielonych odpowiedzi
Twoja historia wyników
Nie rozwiązałeś tego quizu